[Event "Frohnleiten op"]
[Site "Frohnleiten"]
[Date "1999.??.??"]
[Round "7"]
[White "Jovanovic, Sasa D"]
[Black "Rodkin, Rafael"]
[Result "1-0"]
[WhiteElo "2354"]
[BlackElo "2240"]
[PlyCount "101"]
[EventDate "1999.??.??"]
[EventType "swiss"]
[EventRounds "9"]
[EventCountry "AUT"]
[SourceTitle "EXT 2001"]
[Source "ChessBase"]
[SourceDate "2000.11.22"]
[SourceVersion "1"]
[SourceVersionDate "2000.11.22"]
[SourceQuality "1"]

1. e4 e5 2. Nf3 Nc6 3. Bb5 Nf6 4. 0-0 Nxe4 5. d4 Nd6 6. dxe5 Nxb5 7. a4 d6 8. axb5 Nxe5 9. Re1 Be7 10. Nxe5 dxe5 11. Qxd8+ Bxd8 12. Rxe5+ Be6 13. Nc3 c6 14. Be3 Bc7 15. Re4 a6 16. bxc6 bxc6 17. Bc5 Kd7 18. Rea4 Rhb8 19. b3 Be5 20. Bd4 Bxd4 21. Rxd4+ Kc7 22. f4 Rd8 23. Rxd8 Rxd8 24. Ne4 Bf5 25. Nc5 Bxc2 26. Rxa6 Rd1+ 27. Kf2 Rb1 28. Ra8 Kd6 29. Nb7+ Ke7 30. Ra7 Rb2 31. Na5+ Kf6 32. Ke3 Bd1 33. Ra6 Rxg2 34. Nxc6 Rxh2 35. Nd4+ Ke7 36. Nf5+ Kd8 37. Rd6+ Ke8 38. Rxd1 Rh3+ 39. Ke4 g6 40. Nd4 Ke7 41. b4 Kd6 42. Nf3+ Kc7 43. b5 f5+ 44. Ke3 Kb6 45. Rb1 h6 46. Kf2 g5 47. Kg2 g4 48. Nd4 h5 49. Nxf5 h4 50. Nxh4 Rxh4 51. Kg3 1-0

[Event "Jacques Lemans op 18th"]
[Site "St Veit"]
[Date "1999.??.??"]
[Round "8.6"]
[White "Kliukin, Boris P"]
[Black "Rodkin, Rafael"]
[Result "0-1"]
[WhiteElo "2410"]
[BlackElo "2240"]
[PlyCount "50"]
[EventDate "1999.07.??"]
[EventType "swiss"]
[EventRounds "9"]
[EventCountry "AUT"]
[SourceTitle "EXT 2004"]
[Source "ChessBase"]
[SourceDate "2003.11.25"]
[SourceVersion "1"]
[SourceVersionDate "2003.11.25"]
[SourceQuality "1"]

1. d4 d5 2. c4 e6 3. Nf3 Nf6 4. g3 Be7 5. Bg2 0-0 6. 0-0 dxc4 7. Qa4 a6 8. Qxc4 b5 9. Qc2 Bb7 10. Bg5 Nbd7 11. Nbd2 Re8 12. Nb3 c5 13. Bxf6 gxf6 14. Ng5 fxg5 15. Bxb7 Rb8 16. Bg2 c4 17. Nd2 Nb6 18. Nf3 Bf6 19. Rad1 Qc7 20. Rfe1 h6 21. e4 Bg7 22. h4 gxh4 23. Nxh4 b4 24. f4 f6 25. Ng6 Kf7 0-1